| 000 | 00745cam a2200265 4500 | ||
|---|---|---|---|
| 001 | 1306353 | ||
| 003 | SISC | ||
| 005 | 20160204134925.0 | ||
| 008 | 700610s1970 nyu b 000 0 eng | ||
| 010 | _a 77106624 | ||
| 040 |
_aDLC _cDLC _dDLC |
||
| 050 | 0 | 0 |
_aRA 982.B7 _b.C928 1970 |
| 082 | 0 | 0 |
_aHS 362.1 _bC86 1970 |
| 100 | 1 |
_aCrichton, Michael _d1942-2008. _915041 |
|
| 245 | 1 | 0 |
_aFive patients : _bthe hospital explained / |
| 250 | _a[1st ed.] | ||
| 260 |
_aNew York : _bBallantine Books, _cc1970. |
||
| 300 |
_a231 p. : _c20 cm. |
||
| 350 | _a5.95 | ||
| 610 | 2 | 0 |
_aMassachusetts General Hospital. _915042 |
| 650 | 0 |
_aHospital care. _915043 |
|
| 906 |
_a7 _bcbc _corignew _du _encip _f19 _gy-gencatlg |
||
| 942 |
_2lcc _cBK |
||
| 999 |
_c9784 _d9784 |
||